| 000 | 00513nam a2200181Ia 4500 | ||
|---|---|---|---|
| 003 | GCL | ||
| 008 | 140319s9999 xx 000 0 eng d | ||
| 040 |
_aGCL / _cGCL |
||
| 082 | 0 | 4 |
_a511 _bC M |
| 100 | 1 | _aCHADWICKM, MARY | |
| 245 | 1 | 0 |
_aMATHEMATICS FOR ENGINEERING AND APPLIED SCIENTISTS / _cCHADWICKM, MARY |
| 700 | 1 | _aCLENNOX, STANLEY | |
| 260 |
_a[S.N] : _bHEINEMANN EDUCATIONAL BOOKS ، _c1970 |
||
| 300 | _a443 P | ||
| 650 | 0 | 4 | _aالتحليل الرياضى |
| 650 | 0 | 4 | _aMATHEMATICS |
| 942 |
_2ddc _cBK |
||
| 999 |
_c10445 _d10445 |
||